000 00437 a2200169 4500
001 85594
020 _a0201531747
082 _a515.15 THO
090 _c40158
_d40157
100 _aThomas, Finney & George,B. Thomas
245 _aCalculus , 9th Ed
_cFinney Thomas
250 _a9
260 _aNY
_bAddison-Wesley
_c1996/2007
300 _a1278 p.
_borigional
500 _aBE textbooks H & S dept
600 _aGeorge, B. Thomas
942 _aNUST-CAE
_k515.15. THO
999 _c320667
_d320667